|
|
|
|
| LEADER |
00970cas a2200193 a 4500 |
| 001 |
AALejournalCAM000021 |
| 008 |
221220c9999 xx r poo 0 0eng d |
| 040 |
|
|
|a BD-DhAAL
|c BD-DhAAL
|
| 245 |
0 |
0 |
|h [electronic resource]
|a Journal of Dairy Research
|
| 260 |
|
|
|b Cambridge University Press
|
| 300 |
|
|
|a 1 online resource
|
| 362 |
0 |
|
|a Vol 64 (1997) to current
|
| 500 |
|
|
|a <strong>Off-Campus Access:</strong> Athens ID and Password Required
|
| 500 |
|
|
|a <strong>On-Campus Access:</strong> No User ID or Password Required
|
| 506 |
|
|
|a Electronic access restricted to authorized BRAC University faculty, staff and students
|
| 538 |
|
|
|a Mode of access: Internet
|
| 650 |
|
4 |
|a Agriculture
|
| 856 |
4 |
0 |
|z Full text available on Cambridge University Press
|u http://www.cambridge.org/core/product/identifier/DAR/type/JOURNAL
|
| 856 |
4 |
0 |
|z Off-campus access
|u https://go.openathens.net/redirector/bracu.ac.bd?url=https%3A%2F%2Fwww.cambridge.org%2Fcore%2Fjournals%2Fjournal-of-dairy-research
|